Statystyki dla Drogi europejskie w Polsce

Kliknij tutaj aby rozwiązać quiz!

Ogólne statystyki

  • Ten quiz został rozwiązany 35 razy
  • Średni wynik to 8 z 13

Statystyki odpowiedzi

DrogaPodpowiedź% Poprawnych
E40Zgorzelec-Wrocław-Opole-Katowice-
Kraków-Tarnów-Rzeszów-Przemyśl
85%
E75Gdańsk-Łódź-Piotrków Trybunalski-Bielsk Biała-
Cieszyn
74%
E77Gdańsk-Elbląg-Warszawa-Radom-Kielce-Kraków-
Chyżne
74%
E30Świecko-Poznań-Konin-Warszawa-
Siedlce-Biała Podlaska
71%
E67Suwałki-Białystok-Warszawa-Piotrków Trybunalski-
Łódź-Wrocław-Kudowy-Zdroju
68%
E65Świnoujście-Szczecin-Gorzów Wielkopolski-
Zielona Góra- Legnica-Jelenia Góra
62%
E28Kołbaskowo-Szczecin-Słupsk-Gdańsk-
Elbląg-Grzechotki
56%
E36Olszyna-Golnice-Krzyżowa
56%
E371Radom-Ostrowiec Świętokrzyski-Rzeszów-
Barwinek
56%
E261Świecie-Bydgoszcz-Gniezno-Poznań-Wrocław
50%
E372Warszawa-Lublin-Zamość-Hrebnne
50%
E373Lublin-Chełm-Dorohusk
50%
E462Cieszyn-Bielsko Biała-Tychy-Mysłowice-Jaworzno-
Chrzanów-Kraków-Balice
44%

Rozkład punktacji

Percentyl według liczby udzielonych odpowiedzi

Procent ludzi z każdym wynikiem

Twoja historia wyników

Nie rozwiązałeś tego quizu